<?xml version="1.0" encoding="UTF-8"?>
<record
    xmlns:xsi="http://www.w3.org/2001/XMLSchema-instance"
    xsi:schemaLocation="http://www.loc.gov/MARC21/slim http://www.loc.gov/standards/marcxml/schema/MARC21slim.xsd"
    xmlns="http://www.loc.gov/MARC21/slim">

  <leader>01133nam a22002417a 4500</leader>
  <datafield tag="999" ind1=" " ind2=" ">
    <subfield code="c">177583</subfield>
    <subfield code="d">177583</subfield>
  </datafield>
  <controlfield tag="005">20210818114139.0</controlfield>
  <datafield tag="010" ind1=" " ind2=" ">
    <subfield code="a">B-739321-323      B-739703        B-741124</subfield>
  </datafield>
  <datafield tag="020" ind1=" " ind2=" ">
    <subfield code="a">9789389136418</subfield>
    <subfield code="c">250.00</subfield>
  </datafield>
  <datafield tag="035" ind1=" " ind2=" ">
    <subfield code="a">B-739321-323</subfield>
  </datafield>
  <datafield tag="035" ind1=" " ind2=" ">
    <subfield code="a">B-739703</subfield>
  </datafield>
  <datafield tag="035" ind1=" " ind2=" ">
    <subfield code="a">B-741124</subfield>
  </datafield>
  <datafield tag="037" ind1=" " ind2=" ">
    <subfield code="b">Niyogi Books</subfield>
  </datafield>
  <datafield tag="082" ind1=" " ind2=" ">
    <subfield code="a">S</subfield>
  </datafield>
  <datafield tag="100" ind1=" " ind2=" ">
    <subfield code="a">Carroll, Lewis</subfield>
  </datafield>
  <datafield tag="245" ind1=" " ind2=" ">
    <subfield code="a">Alice's adventures in wonderland /</subfield>
    <subfield code="c">by Lewis Carroll </subfield>
  </datafield>
  <datafield tag="260" ind1=" " ind2=" ">
    <subfield code="a">New Delhi </subfield>
    <subfield code="b">Niyogi Books</subfield>
    <subfield code="c">2020</subfield>
  </datafield>
  <datafield tag="270" ind1=" " ind2=" ">
    <subfield code="a">Block D, Building No. 77, Okhla Industrial Area, Phase-I</subfield>
    <subfield code="b">New Delhi</subfield>
    <subfield code="e">110020</subfield>
  </datafield>
  <datafield tag="300" ind1=" " ind2=" ">
    <subfield code="a">177p.:</subfield>
    <subfield code="c">19cm(Hb) </subfield>
    <subfield code="b">ill.</subfield>
  </datafield>
  <datafield tag="942" ind1=" " ind2=" ">
    <subfield code="2">ddc</subfield>
    <subfield code="c">CH</subfield>
    <subfield code="h">S</subfield>
    <subfield code="m">CAR</subfield>
  </datafield>
  <datafield tag="952" ind1=" " ind2=" ">
    <subfield code="0">0</subfield>
    <subfield code="1">0</subfield>
    <subfield code="4">0</subfield>
    <subfield code="7">0</subfield>
    <subfield code="8">FIC</subfield>
    <subfield code="a">M</subfield>
    <subfield code="b">M</subfield>
    <subfield code="d">2021-03-22</subfield>
    <subfield code="e">Niyogi Books/NB/2020-21/2263/03-03-2021/31/03-03-2021/15-03-2021</subfield>
    <subfield code="g">250.00</subfield>
    <subfield code="l">0</subfield>
    <subfield code="o">S CAR</subfield>
    <subfield code="p">B-739321</subfield>
    <subfield code="r">2021-03-22 00:00:00</subfield>
    <subfield code="t">3</subfield>
    <subfield code="v">250.00</subfield>
    <subfield code="y">CH</subfield>
  </datafield>
  <datafield tag="952" ind1=" " ind2=" ">
    <subfield code="0">0</subfield>
    <subfield code="1">0</subfield>
    <subfield code="4">0</subfield>
    <subfield code="7">0</subfield>
    <subfield code="8">FIC</subfield>
    <subfield code="a">M</subfield>
    <subfield code="b">M</subfield>
    <subfield code="d">2021-03-22</subfield>
    <subfield code="e">Niyogi Books/NB/2020-21/2263/03-03-2021/31/03-03-2021/15-03-2021</subfield>
    <subfield code="g">250.00</subfield>
    <subfield code="l">0</subfield>
    <subfield code="o">S CAR</subfield>
    <subfield code="p">B-739322</subfield>
    <subfield code="r">2021-03-22 00:00:00</subfield>
    <subfield code="t">3</subfield>
    <subfield code="v">250.00</subfield>
    <subfield code="y">CH</subfield>
  </datafield>
  <datafield tag="952" ind1=" " ind2=" ">
    <subfield code="0">0</subfield>
    <subfield code="1">0</subfield>
    <subfield code="4">0</subfield>
    <subfield code="7">0</subfield>
    <subfield code="8">FIC</subfield>
    <subfield code="a">M</subfield>
    <subfield code="b">M</subfield>
    <subfield code="d">2021-03-22</subfield>
    <subfield code="e">Niyogi Books/NB/2020-21/2263/03-03-2021/31/03-03-2021/15-03-2021</subfield>
    <subfield code="g">250.00</subfield>
    <subfield code="l">0</subfield>
    <subfield code="o">S CAR</subfield>
    <subfield code="p">B-739323</subfield>
    <subfield code="r">2021-03-22 00:00:00</subfield>
    <subfield code="t">3</subfield>
    <subfield code="v">250.00</subfield>
    <subfield code="y">CH</subfield>
  </datafield>
  <datafield tag="952" ind1=" " ind2=" ">
    <subfield code="0">0</subfield>
    <subfield code="1">0</subfield>
    <subfield code="4">0</subfield>
    <subfield code="7">0</subfield>
    <subfield code="8">FIC</subfield>
    <subfield code="a">L</subfield>
    <subfield code="b">L</subfield>
    <subfield code="d">2021-04-06</subfield>
    <subfield code="e">Gift/Eng/05-04-2021</subfield>
    <subfield code="g">250.00</subfield>
    <subfield code="l">1</subfield>
    <subfield code="o">S CAR</subfield>
    <subfield code="p">B-739703</subfield>
    <subfield code="r">2023-04-10 00:00:00</subfield>
    <subfield code="s">2023-03-23</subfield>
    <subfield code="t">1</subfield>
    <subfield code="v">250.00</subfield>
    <subfield code="y">CH</subfield>
    <subfield code="z">Gift</subfield>
  </datafield>
  <datafield tag="952" ind1=" " ind2=" ">
    <subfield code="0">0</subfield>
    <subfield code="1">0</subfield>
    <subfield code="4">0</subfield>
    <subfield code="7">0</subfield>
    <subfield code="8">FIC</subfield>
    <subfield code="a">L</subfield>
    <subfield code="b">L</subfield>
    <subfield code="d">2021-08-18</subfield>
    <subfield code="e">Gift/Eng/09-08-2021</subfield>
    <subfield code="g">250.00</subfield>
    <subfield code="l">0</subfield>
    <subfield code="o">S CAR</subfield>
    <subfield code="p">B-741124</subfield>
    <subfield code="r">2021-08-18 00:00:00</subfield>
    <subfield code="t">1</subfield>
    <subfield code="v">250.00</subfield>
    <subfield code="w">2021-08-18</subfield>
    <subfield code="y">CH</subfield>
    <subfield code="z">Gift</subfield>
  </datafield>
</record>
